COUPE CONSTRU EXTERIEUR - Statistiques

Statistiques générales
  • Ce quiz a été pris 131 fois
  • Le résultat moyen est 3 sur 5
Statistiques - réponses
Hint Réponse % Correct
9 appui de fenêtre en bois recouvrant la maçonnerie
100%
28 Blocs de parpaings
100%
23 Chaînage horizontal haut
100%
29 Complexe isolant en PSE entre deux panneaux de fibres fixé en sous-face du plancher.
100%
18 Drain
100%
27 enduit de plâtre
100%
24 Enduit plâtre projeté
100%
1 gouttière pendante
100%
17 Gravier
100%
5 panneaux isolants rigides
100%
35 Semelle filante en béton avec armature de chaînage
100%
22 suspentes en acier galvanis portant des rails
100%
10 Armature supplémentaire de renfort dans la partie basse
67%
20 Fermettes en bois
67%
12 Feutre géotextile
67%
19 Béton de propreté
50%
6 collage des panneaux isolants par colle en filets ou étalés.
50%
16 Feutre géotextile
50%
7 linteau en béton armé
50%
25 Plinthes
50%
21 plaque de plâtre de 10mm
33%
30 Rangée de blocs légers en béton cellulaire
33%
34 Blocs pleins de préférence (en infrastructure ou acrotère)
0%
31 Dalle en béton de 150 mm
0%
4 enduit organique
0%
32 Feuilles de polyéthylène contre les remontée capillaires
0%
3 Joint en mastic sur profil aluminium spécial collé
0%
13 Matelas en fibres de polymère protégeant la partie enterrée de l’isolant enduit des impacts dus au remblai
0%
14 Peinture d’étanchéité appliquée à froid.
0%
26 Planchers à entrevous
0%
8 profil aluminium spécial fixé à la maçonnerie
0%
15 Profil de renfort du départ fixé au mur
0%
33 `Remblai compacté
0%
11 Ruban d’ étanchéité contre les remontées capillaires
0%
2 soffite en planche
0%
Aucun quiz correspondant
Distribution des résultats
% des personnes avec chaque résultat
Percentile par nombre de réponses
Votre historique - résultats
Vous n’avez pas pris ce quiz